TV Show First Lines Quiz Stats

Quiz Updated Mar 24, 2015

Challenge
Share
Tweet
Embed
Score 0/15 Timer 06:00
3 Plays Today
First Line TV Show % Correct
Binford Tools is proud to present, Tim 'The Toolman' Taylor!Home Improvement
76.8%
How 'bout a beer chief?Cheers
59.5%
Dr. Greene ... Dr. Greene.ER
57.9%
Alright Jim, your quarterlies look very good. How are things going at the library?The Office (US)
53.4%
So, if a photon is directed through a plane with two slits in it and either slit is observed, it will not go through both slits. If it's unobserved, it will.The Big Bang Theory
52.7%
There's nothing to tell. It's just some guy I work with.Friends
47.2%
You know that guy you see going into the convenience store when you stop off in a little town on the way to Grandma's house? Sorta shifty lookin fella who buys a pack of smokes.My Name is Earl
20.7%
At this very moment in the town of Coeur d'Coeurs, young Ned is 9 years 27 weeks 3 hours and 6 minutes old.Pushing Daisies
14.7%
First Line TV Show % Correct
Space. It seems to go on and on forever. But then you get to the end and the gorilla starts throwing barrels at youFuturama
14.2%
The Game. They say a person either has what it takes to play or they don't. My mother was one of the greats. Me on the hand, well I'm kind of screwed.Grey's Anatomy
13.7%
Now look boys, let's all eat a good breakfast today. I know you're bound to be nervous but we have to have plenty of nourishment and energy.The Brady Bunch
10.9%
Listen to yourself Bob. You follow her to work. You eavesdrop on her calls. You open her mail. The minute you started doing these things the relationship was over.Frasier
9.9%
So, I think it is really important that we remove all soft drinks from the vending machines and replace them with bottled water and naturally sweetened fruit juice.Weeds
8.5%
This is my school. If you go here your parents are either millionaires or your parents work for millionaires.Veronica Mars
8%
Let go of my hair you little psychopath!Married ... with Children
5.9%

You're not logged in!

Compare scores with friends on all Sporcle quizzes.
Sign Up with Email
OR
Log In

You Might Also Like...

Show Comments

Extras

Top Quizzes Today


Score Distribution

Your Account Isn't Verified!

In order to create a playlist on Sporcle, you need to verify the email address you used during registration. Go to your Sporcle Settings to finish the process.